[Event "It (open)"]
[Site "masterchessopen.com - Barcelona (Spain)"]
[Round "7"]
[White "Panelo Marcelo (ARG)"]
[Black "Rodriguez Andres (URU)"]
[Result "0-1"]
[WhiteElo "2408"]
[BlackElo "2496"]

{ Rodriguez Andres (URU) +5 =4 -8 } 1.d4 f5 2.g3 Nf6 3.Bg2 d6 4.Nf3 g6 5.O-O
Bg7 6.c4 O-O 7.Nc3 c6 { ?/= } 8.Qb3 ( 8.d5 e5 9.dxe6 Bxe6 10.b3 Na6 11.Ng5 Qe7
12.Ba3 Rad8 13.Nxe6 Qxe6 14.e3 Rfe8 15.Qc2 Nc5 16.Rad1 Nce4 17.Nxe4 Nxe4
18.Rd3 Rd7 19.Rfd1 Red8 20.Bb2 Nc5 21.Rd4 Qe7 22.R4d2 Ne4 23.Rd4 Nc5 24.R4d2
Ne4 { 1/2-1/2, Bareev Evgeny 2690 - Agrest Evgenij 2545 , New York 1998 It
(open) } ) ( 8.b3 Qc7 9.Ba3 a5 10.Rc1 Na6 11.Qd2 Bd7 12.Rfe1 Nb4 13.Bb2 e5
14.a3 Na6 15.dxe5 dxe5 16.Nb5 cxb5 17.cxb5 Nc5 18.Bxe5 Qb6 19.Bxf6 Bxf6
20.Qd5+ Ne6 21.Qxd7 Rad8 22.Rc6 Rxd7 23.Rxb6 Nc5 24.b4 axb4 25.axb4 Ne4 26.e3
Kf7 27.h4 Rb8 { ...1-0, Karpov Anatoly 2755 - Jussupow Artur 2610 , Linares
1989 It } ) ( 8.Qc2 Nh5 9.b4 e5 10.dxe5 dxe5 11.Rd1 Qe7 12.Rb1 e4 13.Nd4 Rd8
14.Be3 Nf6 15.Nb3 Rxd1+ 16.Rxd1 Be6 17.Nc5 Bf7 18.Qd2 Na6 19.Nxa6 bxa6 20.Bc5
Qe8 21.e3 Bxc4 22.Bf1 Bxf1 23.Kxf1 Ng4 24.Kg2 Ne5 25.Ne2 Nd3 26.Bd4 Bxd4
27.Nxd4 a5 { ...1/2-1/2, Liitiainen Elia 2210 - Gavrikov Viktor 2552 ,
Jyvaskyla 2003 It (open) "Heart of Finland" } ) ( 8.Re1 Ne4 9.Qc2 Nxc3 10.bxc3
e5 11.dxe5 dxe5 12.Ba3 Re8 13.Rad1 Qf6 14.e4 f4 15.Rd6 Be6 16.Bh3 fxg3 17.hxg3
Na6 18.Bxe6+ Rxe6 19.Rxe6 Qxe6 20.Qb3 b5 21.cxb5 Qxb3 22.axb3 cxb5 23.Rd1 Rc8
24.Rd7 h6 25.Rxa7 Nc5 26.Bxc5 Rxc5 27.Nh4 Rxc3 { ...1/2-1/2, Neverov Valeriy
2560 - Malaniuk Vladimir P 2615 , Minsk 1997 It (open) } ) ( 8.Bg5 Ne4 9.Nxe4
fxe4 10.Ne1 d5 11.Nc2 h6 12.Be3 Bf5 13.cxd5 cxd5 14.Qd2 Kh7 15.Rac1 { 1/2-1/2,
Vajda Levente 2489 - Grunberg Mihai-Lucian 2472 , Bucharest 2001 It (cat.8) }
) 8...Na6 9.Rd1 ( 9.Bg5 Ne4 10.Nxe4 fxe4 11.Nd2 Bxd4 12.Nxe4 Nc5 13.Nxc5 Bxc5
14.Be3 Qb6 15.Bxc5 Qxc5 16.e3 a5 17.Rfd1 a4 18.Qc3 Be6 19.Rac1 Ra6 20.Rd2 Rb6
21.h3 Rf5 22.g4 Re5 23.Qd3 Rb4 24.b3 b5 25.Rdc2 bxc4 26.bxc4 Bf7 27.Rc3 Rb2
28.Ra3 Rb4 { ...1-0, Gofshtein Zvulon 2561 - Barbat Thomas 2149 , Paris 2000
Ch Paris (open) } ) ( 9.Bf4 Qb6 10.Qxb6 axb6 11.Na4 Nd7 12.a3 e5 13.dxe5 dxe5
14.Be3 e4 15.Ng5 Re8 16.Rab1 Nac5 17.Nxc5 bxc5 18.Rfd1 Ra4 19.Re1 Bd4 20.Bxd4
cxd4 21.f4 h6 22.Nh3 Nf6 23.Ra1 c5 24.Nf2 Be6 25.b3 Ra6 26.a4 Rb6 27.Ra3 Bc8
28.Rd1 Kg7 { ...1/2-1/2, Bazant Petr 2361 - Jurica Peter 2205 , Slovakia 1999
Extra League 1998/99 } ) 9...Qe8 { +0.85 CAP } ( 9...Qc7 10.c5+ { +0.37 CAP }
) 10.Rb1 { N } ( 10.c5+ Kh8 11.cxd6 exd6 12.d5 Ne4 13.Bf4 Nac5 14.Qa3 Nxc3
15.bxc3 Ne4 16.Bxd6 Nxd6 17.Qxd6 cxd5 18.Nd4 Bd7 19.Qxd5 Bc6 20.Nxc6 Qxc6
21.Qxc6 bxc6 22.Rd3 Rab8 23.Bf3 Rb2 24.Rd7 a5 25.Ra7 Rd8 26.a4 Rb3 27.Rc1 Bxc3
28.Bxc6 Bb4 29.Bb5 Rc3 { ...1/2-1/2, Iljin Artem 2522 - Kosintseva Nadezhda
2446 , Essentuki 2003 Ch Russia (juniors) (under 20) } ) ( 10.a4 Kh8 11.Qa3
Nc7 12.d5 c5 13.a5 Bd7 14.Rb1 b5 15.cxb5 Nxb5 16.Nxb5 Bxb5 17.Ng5 Bd7 18.b4 c4
19.Be3 a6 20.Bd4 Rc8 21.Qe3 h6 22.Ne6 Bxe6 23.Qxe6 Ng4 24.h3 Bxd4 25.Rxd4 Ne5
26.f4 Rf6 27.fxe5 Rxe6 28.dxe6 dxe5 29.Rd7 e4 { ...0-1, Friehoff Heinz 2255 -
Paulsen Dirk 2384 , Germany 1980 Bundesliga 1980/81 } ) 10...h6 11.Qa3 g5
12.b4 Nc7 13.b5 Ne4 14.bxc6 bxc6 15.Nxe4 fxe4 16.Nd2 Bg4 17.Nxe4 Bxe2 18.Re1
Bxc4 19.Nxd6 Qg6 20.Nxc4 Qxb1 21.Be4 Qb5 22.Ne5 Nd5 23.Bd3 Qb7 24.Qa4 Rf6 { ?!
} ( 24...Qb4 { !? } 25.Qxb4 Nxb4 26.Bc4+ Kh7 27.Ba3 Bxe5 28.Rxe5 Nd5 29.Bxe7
Rfe8 30.Bd6 Rxe5 31.dxe5 { } ) 25.Bc4 Rd8 26.Qc2 Rdf8 27.Qe4 Re6 28.Bd3 Nf6 {
?! } ( 28...Rf7 { !? } 29.Qh7+ Kf8 30.Ng6+ Rxg6 31.Qxg6 Qb4 32.Re2 Rf6 33.Qh7
g4 34.Bb2 Qa4 35.Kg2 { } ) 29.Qg6 Qb4 30.Re2 Rd6 31.h4 Qxd4 { } {#R} 0-1

[Event "Ch Europe (juniors) (under 16) (g)"]
[Site "masterchessopen.com - Herceg Novi (Montenegro)"]
[Date "2006.09.19"]
[Round "9"]
[White "Saulyte Evelina (LTU)"]
[Black "Khazhomia Salome (GEO)"]
[Result "0-1"]
[WhiteElo "1980"]
[BlackElo "2121"]

1.d4 f5 2.c4 Nf6 3.Nc3 g6 4.g3 Bg7 5.Bg2 d6 6.Nf3 c6 7.O-O O-O 8.Qd3 Qe8 9.e4
e5 10.d5 cxd5 11.cxd5 Bd7 12.Re1 Na6 13.Nh4 Nc5 14.Qd1 a5 15.f4 fxe4 16.Nxe4
Nfxe4 17.Bxe4 Nxe4 18.Rxe4 Qf7 19.Re1 Rac8 20.Qb3 exf4 21.Bxf4 g5 22.Ng2 gxf4
23.Nxf4 Be5 {#R} 0-1

[Event "Ch SOP-SMAOK"]
[Site "masterchessopen.com - Pagrati (Greece)"]
[Date "2006.10.05"]
[Round "2"]
[White "Taniskidou D"]
[Black "Efentakis N"]
[Result "1-0"]
[WhiteElo "1815"]
[BlackElo "1820"]

1.d4 f5 2.c4 Nf6 3.g3 g6 4.Bg2 Bg7 5.Nf3 O-O 6.O-O d6 7.Nc3 c6 8.Re1 Na6 9.Bf4
c5 10.dxc5 Nxc5 11.Nd2 Rb8 12.Qc2 Bd7 13.Rab1 Nh5 14.Nd5 Ne6 15.Rbd1 Nexf4
16.Nxf4 Nxf4 17.gxf4 Bc6 18.Nf3 Qb6 19.b3 Be4 20.Qd2 Rfd8 21.Ng5 d5 22.Nxe4
dxe4 23.Qc2 e3 24.c5 exf2+ 25.Kxf2 Bd4+ 26.Rxd4 {#r} 1-0

[Event "It (open)"]
[Site "masterchessopen.com - Recklinghausen (Germany)"]
[Date "2006.10.14"]
[Round "7"]
[White "Kartsev Soel (RUS)"]
[Black "Meijers Viesturs (LAT)"]
[Result "0-1"]
[WhiteElo "2232"]
[BlackElo "2465"]

1.d4 f5 2.g3 d6 3.Bg2 Nf6 4.Nf3 c6 5.c4 g6 6.O-O Bg7 7.Nc3 O-O 8.Re1 Ne4 9.Qc2
Nxc3 10.bxc3 Nd7 11.e4 fxe4 12.Qxe4 e5 13.Bg5 Qe8 14.Qh4 Rf5 15.g4 Rf7 16.dxe5
dxe5 17.Rad1 Qf8 18.Nd2 Nc5 19.Ne4 Be6 20.Re3 Nxe4 21.Bxe4 Bf6 22.Rh3 Bxg5
23.Qxg5 Qe7 24.Qh6 Bxg4 25.Bxg6 Rg7 {#R} 0-1

[Event "Landesliga (2nd) East 2006/07"]
[Site "masterchessopen.com - Mecklenburg-Vorpommern (Germany)"]
[Date "2006.10.29"]
[Round "2"]
[White "Czuchnicki Jan (POL)"]
[Black "Kuehn Peter (GER)"]
[Result "1-0"]
[WhiteElo "1993"]
[BlackElo "2384"]

1.d4 f5 2.g3 Nf6 3.Bg2 g6 4.c4 Bg7 5.Nc3 d6 6.Nf3 O-O 7.O-O c6 8.b4 Na6 9.Qb3
Qe8 10.a4 Nc7 11.Ba3 h6 12.Rad1 Be6 13.b5 Rb8 14.Nd2 Qf7 15.Bb2 g5 16.Qb4 a6
17.b6 Nce8 18.Qb3 Qh5 19.d5 cxd5 20.Nxd5 Nxd5 21.cxd5 Bd7 22.Bxg7 Nxg7 23.Nf3
f4 24.Nd4 Rfc8 25.Rc1 fxg3 26.hxg3 Bh3 27.Rc7 Ne8 28.Rxe7 Bxg2 29.Kxg2 Nf6
30.Qe3 Ng4 31.Qe6+ Kf8 32.Rh1 {#r} 1-0

[Event "It (open)"]
[Site "masterchessopen.com - Cerdaniola del Valles (Spain)"]
[Date "2006.11.18"]
[Round "8"]
[White "Lanau Garcia Francesc (ESP)"]
[Black "Orero Anton Victor (ESP)"]
[Result "1-0"]
[WhiteElo "1889"]
[BlackElo "1875"]

1.d4 f5 2.Nf3 Nf6 3.g3 g6 4.Bg2 Bg7 5.O-O O-O 6.c4 d6 7.Nc3 c6 8.Qb3 Qc7 9.d5
Na6 10.Be3 h6 11.Rfd1 e5 12.c5 Re8 13.cxd6 Qf7 14.dxc6 bxc6 15.Qxf7+ Kxf7
16.Nxe5+ Rxe5 17.Bxc6 Rb8 18.d7 Bxd7 19.Bxd7 Rxb2 20.Rab1 Rxb1 21.Nxb1 Ng4
22.Bxa7 Rxe2 23.Bb5 Re7 24.Bc4+ Ke8 25.Bb6 Nb8 26.Rd8# 1-0

[Event "Ch Europe (active)"]
[Site "masterchessopen.com - Warsaw (Poland)"]
[Date "2006.12.16"]
[Round "8"]
[White "Schwarz Dusan (SVK)"]
[Black "Cmilyte Viktorija (LTU)"]
[Result "0-1"]
[WhiteElo "2275"]
[BlackElo "2469"]

1.Nf3 f5 2.c4 Nf6 3.g3 g6 4.Bg2 Bg7 5.O-O O-O 6.Nc3 d6 7.d4 c6 8.d5 e5 9.dxe6
Bxe6 10.Bf4 Bxc4 11.Bxd6 Re8 12.Ne5 Be6 13.Qd2 Na6 14.Rad1 Nd5 15.Bxd5 Bxd5
16.e4 fxe4 17.Nxe4 Bxe5 18.Bxe5 Rxe5 19.Nc5 Nxc5 20.Qd4 Nd7 21.f4 Re2 {#R} 0-1

[Event "It (open)"]
[Site "masterchessopen.com - Paderborn (Germany)"]
[Date "2006.12.29"]
[Round "3"]
[White "Ollech Dirk (GER)"]
[Black "Schaffarczyk Andre (GER)"]
[Result "0-1"]
[WhiteElo "1955"]
[BlackElo "2130"]

1.Nf3 d6 2.g3 f5 3.d4 Nf6 4.Bg2 g6 5.O-O Bg7 6.c4 O-O 7.Nc3 c6 8.Bg5 Nbd7
9.Qc2 e5 10.d5 e4 11.Nd4 Ne5 12.b3 h6 13.Bf4 g5 14.dxc6 gxf4 15.cxb7 Bxb7
16.Ne6 Qe7 17.Nxf8 Rxf8 18.Rad1 f3 19.exf3 exf3 20.Bh1 Ne4 21.Nd5 Bxd5 22.Rxd5
h5 23.Rxe5 Qxe5 24.Bxf3 h4 25.Re1 Qc3 26.Qe2 Re8 27.Bh5 Re6 28.Qd1 Bd4 29.Kg2
h3+ 30.Kf1 Nd2+ {#R} 0-1

[Event "Czech League 2006/07 (2nd) (b)"]
[Site "masterchessopen.com - Czech Republic"]
[Round "0"]
[White "Chochol Libor (CZE)"]
[Black "Papay Jindrich (CZE)"]
[Result "1-0"]
[WhiteElo "2142"]
[BlackElo "2033"]

1.d4 f5 2.c4 Nf6 3.Nc3 g6 4.g3 Bg7 5.Bg2 d6 6.Nf3 c6 7.O-O O-O 8.Re1 Qc7 9.c5
h6 10.e4 fxe4 11.Nxe4 Nxe4 12.Rxe4 Bf5 13.Qb3+ Kh7 14.Rh4 d5 15.Bxh6 Kg8
16.Qe3 e6 17.Ng5 Bxh6 18.Rxh6 e5 19.g4 exd4 20.Qh3 {#r} 1-0

[Event "It (open) \"]
[Site "masterchessopen.com - Gibraltar (England)"]
[Date "2007.01.30"]
[Round "3"]
[White "Schmidt Raul (ROM)"]
[Black "Beltran Jorge (MEX)"]
[Result "1-0"]
[WhiteElo "2145"]
[BlackElo "2049"]

1.d4 f5 2.c4 Nf6 3.Nc3 d6 4.Nf3 g6 5.g3 Bg7 6.Bg2 O-O 7.O-O c6 8.Bf4 h6 9.Qc2
Na6 10.a3 Nh5 11.Nd2 e5 12.dxe5 dxe5 13.h3 {#r} 1-0

[Event "Ch France (team) (nat.2) 2006/07"]
[Site "masterchessopen.com - France"]
[Date "2007.02.11"]
[Round "7"]
[White "Wallart Adrien (FRA)"]
[Black "Marquis Ambroise (FRA)"]
[Result "1-0"]
[WhiteElo "2162"]
[BlackElo "1958"]

1.d4 f5 2.c4 g6 3.Nf3 Nf6 4.g3 Bg7 5.Bg2 d6 6.O-O O-O 7.Nc3 c6 8.b3 Qe8 9.Ba3
h6 10.Rc1 g5 11.b4 a6 12.d5 Qg6 13.Na4 b5 14.Nb6 Ra7 15.dxc6 h5 16.cxb5 axb5
17.Qb3+ Kh8 18.Nd4 Ne4 19.Nxb5 Nd2 20.Qc2 Ra6 21.Nxc8 Nxf1 22.Nca7 Nxc6
23.Nxc6 Nxg3 24.hxg3 h4 25.Bb2 hxg3 26.Nxe7 gxf2+ 27.Kxf2 {#r} 1-0

[Event "Ch Georgia (w)"]
[Site "masterchessopen.com - Tbilisi (Georgia)"]
[Date "2007.03.03"]
[Round "2"]
[White "Lomineishvili Maia (GEO)"]
[Black "Batsiashvili Nino (GEO)"]
[Result "1-0"]
[WhiteElo "2409"]
[BlackElo "2313"]

1.d4 f5 2.c4 Nf6 3.g3 g6 4.Bg2 Bg7 5.Nf3 O-O 6.Nc3 d6 7.O-O c6 8.b3 Qe8 9.Re1
Na6 10.Bb2 e5 11.e4 fxe4 12.dxe5 dxe5 13.Nxe4 Nxe4 14.Rxe4 Bf5 15.Rxe5 Bxe5
16.Nxe5 Nc5 17.Qd4 Ne6 18.Qc3 g5 19.Ng4 Qh5 20.Nf6+ Rxf6 21.Qxf6 Rf8 22.Qh8+
Kf7 23.Qe5 Kg6 24.Be4 {#r} 1-0

[Event "It (open)"]
[Site "masterchessopen.com - Edinburgh (Scotland)"]
[Date "2007.04.15"]
[Round "0"]
[White "Berry Neil (SCO)"]
[Black "Burnett Walter (SCO)"]
[Result "1-0"]
[WhiteElo "2307"]
[BlackElo "2037"]

1.d4 f5 2.g3 Nf6 3.Bg2 g6 4.Nf3 Bg7 5.O-O d6 6.c4 O-O 7.Nc3 c6 8.Rb1 Qe8 9.d5
e5 10.dxe6 Bxe6 11.b3 Ne4 12.Nxe4 fxe4 13.Ng5 d5 14.Ba3 Rf5 15.Nxe6 Qxe6
16.Bh3 Nd7 17.cxd5 cxd5 18.Bb2 Ne5 19.Bxe5 Qxe5 20.Bxf5 gxf5 21.e3 Rd8 22.Qe2
Bh6 23.Rfd1 Qe8 24.Rbc1 Rd7 25.Qb5 a6 26.Qb6 Bf8 27.Rc7 Rxc7 28.Qxc7 Qc6
29.Qd8 Qc2 30.Qxd5+ {#r} 1-0

[Event "It (open) \"]
[Site "masterchessopen.com - Wroclaw (Poland)"]
[Date "2007.04.28"]
[Round "1"]
[White "Olbrich Mariola (POL)"]
[Black "Misztela Hubert (POL)"]
[Result "1-0"]
[WhiteElo "1668"]
[BlackElo "1722"]

1.c4 f5 2.Nc3 Nf6 3.g3 g6 4.Bg2 Bg7 5.d4 O-O 6.Nf3 c6 7.O-O d6 8.Re1 Nbd7 9.d5
cxd5 10.Nxd5 Nb6 11.Nxb6 Qxb6 12.Rb1 Ng4 13.e3 Be6 14.b3 Bxc4 15.Bb2 Bxb2
16.bxc4 Qc5 17.Rxb2 Qxc4 18.Rxb7 Qxa2 19.Re2 Qf7 20.h3 Nh6 21.Qb3 Qxb3 22.Rxb3
Rfb8 23.Ra3 a5 24.Rea2 e5 25.Nxe5 dxe5 26.Bxa8 Rxa8 27.Rxa5 {#r} 1-0

[Event "Ch Croatia (team) (2nd league)"]
[Site "masterchessopen.com - Croatia"]
[Date "2007.05.06"]
[Round "5"]
[White "Takac Zvonko (CRO)"]
[Black "Tomasic Roland (CRO)"]
[Result "1-0"]
[WhiteElo "2128"]
[BlackElo "2131"]

1.d4 f5 2.Nf3 Nf6 3.g3 g6 4.Bg2 Bg7 5.O-O O-O 6.c4 d6 7.Nc3 c6 8.Qc2 Na6 9.Bg5
Qe8 10.d5 Nc5 11.Rad1 Nfe4 12.Nxe4 Nxe4 13.Be3 c5 14.Ne1 Nf6 15.Nd3 b5 16.b4
bxc4 17.Qxc4 Qa4 18.Nxc5 dxc5 19.d6+ e6 20.Bxa8 Bd7 21.Bb7 cxb4 22.Rc1 Qa3
23.Bc6 Kf7 24.Bxd7 Nxd7 25.Qb5 Rd8 26.Rc7 Ke8 27.Bg5 b3 28.Bxd8 Qxd6 29.Rc8
{#r} 1-0

[Event "It (open)"]
[Site "masterchessopen.com - Bargteheide (Germany)"]
[Date "2007.05.19"]
[Round "5"]
[White "Kopylov Mihail (UKR)"]
[Black "Stanke Juergen (GER)"]
[Result "1-0"]
[WhiteElo "2472"]
[BlackElo "2308"]

1.d4 f5 2.g3 Nf6 3.Bg2 g6 4.Nf3 Bg7 5.O-O O-O 6.c4 d6 7.Nc3 c6 8.Re1 Na6 9.Qc2
e5 10.dxe5 dxe5 11.Nxe5 Qd4 12.Bf4 Nh5 13.Rad1 Qc5 14.Nd7 Bxd7 15.Bd6 Qxc4
16.Bxf8 {#r} 1-0

[Event "It (open)"]
[Site "masterchessopen.com - Novi Becej (Yugoslavia)"]
[Date "2007.06.12"]
[Round "4"]
[White "Marholev Dimitar (BUL)"]
[Black "Jevtic Sasa (SRB)"]
[Result "1-0"]
[WhiteElo "2398"]
[BlackElo "2162"]

1.c4 f5 2.Nc3 Nf6 3.g3 g6 4.Bg2 Bg7 5.d4 O-O 6.Nf3 d6 7.O-O c6 8.d5 c5 9.Ng5
h6 10.Ne6 Bxe6 11.dxe6 Nc6 12.e4 fxe4 13.Nxe4 Nxe4 14.Bxe4 g5 15.Qh5 Rf6 16.h4
gxh4 17.Qxh4 Rb8 18.g4 Ne5 19.f4 Nxc4 20.g5 hxg5 21.Bh7+ Kh8 22.fxg5 Rxf1+
23.Kxf1 Ne5 24.Bf5+ Kg8 25.Qh7+ Kf8 26.g6 Qa5 27.Bh6 Qb5+ 28.Kg1 Nf3+ 29.Kh1
Qxb2 30.Qh8# 1-0

[Event "It (open) \"]
[Site "masterchessopen.com - Mielno (Poland)"]
[Date "2007.06.21"]
[Round "5"]
[White "Brodowski Piotr (POL)"]
[Black "Warakomski Tomasz (POL)"]
[Result "1-0"]
[WhiteElo "2425"]
[BlackElo "2498"]

1.d4 g6 2.Nf3 Bg7 3.g3 d6 4.Bg2 f5 5.O-O Nf6 6.c4 O-O 7.Nc3 c6 8.Rb1 Nbd7
9.Ng5 Nb6 10.Qb3 c5 11.dxc5 dxc5 12.Rd1 Qc7 13.Nb5 Qb8 14.Bf4 e5 15.Be3 {#r}
1-0

[Event "Tournament (Elo)"]
[Site "masterchessopen.com - Rosario Oeste (Brazil))"]
[Date "2007.07.01"]
[Round "7"]
[White "Said Munir (BRA)"]
[Black "Guerrero Alvaro (URU)"]
[Result "0-1"]
[WhiteElo "1992"]
[BlackElo "2170"]

1.c4 d6 2.Nc3 g6 3.g3 Bg7 4.Bg2 f5 5.d4 Nf6 6.Nf3 O-O 7.O-O c6 8.Bd2 Qc7 9.Qc1
e5 10.dxe5 dxe5 11.Bh6 e4 12.Nd4 Na6 13.Bxg7 Qxg7 14.Rd1 Bd7 15.a3 Rae8 16.b4
Ng4 17.h3 Ne5 18.Na4 Qf7 19.Nb2 Nc7 20.f4 exf3 21.exf3 f4 22.g4 Ne6 23.Nxe6
Bxe6 24.c5 Bd5 25.Qc3 Qf6 26.Rac1 Rf7 27.Re1 Nxf3+ 28.Bxf3 Rxe1+ 29.Qxe1 Bxf3
30.Nc4 Bd5 31.Nd6 Re7 32.Qf2 Re3 {#R} 0-1

[Event "Cup North Sea (open)"]
[Site "masterchessopen.com - Esbjerg (Denmark)"]
[Date "2007.07.15"]
[Round "5"]
[White "Aramburu Ricardo De La Calle"]
[Black "Fogh Jens Olav (DEN)"]
[Result "0-1"]
[WhiteElo "1609"]
[BlackElo "2068"]

1.d4 f5 2.c4 Nf6 3.Nc3 g6 4.g3 Bg7 5.Nf3 d6 6.Bg2 O-O 7.O-O c6 8.Qc2 Nh5 9.d5
Bd7 10.Rb1 Na6 11.Rd1 Rc8 12.Nd4 Qe8 13.Qb3 Rb8 14.Qa3 Qc8 15.e3 Nf6 16.Nce2
c5 17.Nf3 b5 18.Nf4 bxc4 19.Ng5 Nc7 20.Bd2 Rb6 21.Qc3 Ne4 {#R} 0-1

[Event "It (open)"]
[Site "masterchessopen.com - Leiden (Netherlands)"]
[Date "2007.07.15"]
[Round "3"]
[White "De Graaff Rag (NED)"]
[Black "Reinderman Dimitri (NED)"]
[Result "0-1"]
[WhiteElo "2220"]
[BlackElo "2510"]

1.d4 f5 2.g3 Nf6 3.Bg2 g6 4.Nf3 Bg7 5.c4 O-O 6.Nc3 d6 7.O-O c6 8.b4 e5 9.dxe5
dxe5 10.Qb3 Qe7 11.e4 f4 12.gxf4 exf4 13.e5 Ng4 14.Bb2 Nd7 15.c5+ Kh8 16.e6
Nde5 17.Rae1 Bxe6 18.Qc2 Nxf3+ 19.Bxf3 Qh4 20.Bxg4 Qxg4+ {#R} 0-1

[Event "Ch France (open) (a)"]
[Site "masterchessopen.com - Aix les Bains (France)"]
[Round "7"]
[White "Soyer Jean-Yves (FRA)"]
[Black "Perruchaud Francois (FRA)"]
[Result "1-0"]
[WhiteElo "2143"]
[BlackElo "2101"]

1.d4 f5 2.g3 Nf6 3.Bg2 g6 4.Nf3 Bg7 5.O-O O-O 6.c4 d6 7.Nc3 c6 8.Qc2 Na6 9.a3
c5 10.d5 h6 11.e4 fxe4 12.Nxe4 Bf5 13.Nh4 Qd7 14.Nxf6+ Rxf6 15.Nxf5 Qxf5
16.Be4 Qh5 17.Bd2 g5 18.Bc3 Rff8 19.Bg6 Qg4 20.Bh7+ {#r} 1-0

[Event "Tournament (juniors) (g)"]
[Site "masterchessopen.com - Anapa (Russia)"]
[Round "0"]
[White "Kutueva Natalia (RUS)"]
[Black "Suslova Alena (RUS)"]
[Result "0-1"]
[WhiteElo "1932"]
[BlackElo "2117"]

1.d4 f5 2.c4 Nf6 3.Nf3 g6 4.g3 Bg7 5.Bg2 O-O 6.O-O d6 7.Nc3 c6 8.Rb1 Nh5 9.Ra1
e5 10.dxe5 dxe5 11.Qxd8 Rxd8 12.e4 Be6 13.b3 Na6 14.Ng5 Nc7 15.Bb2 h6 16.Nxe6
Nxe6 17.Rad1 Nd4 18.Rfe1 f4 19.g4 f3 20.gxh5 fxg2 21.Kxg2 gxh5 22.Rd3 Nc2
23.Red1 c5 24.Nd5 {#R} 0-1

[Event "Ch Spain (team) (1 Div) (North)"]
[Site "masterchessopen.com - Sabadell (Spain)"]
[Date "2007.08.15"]
[Round "1"]
[White "Garza Marco Sergio (ESP)"]
[Black "Rebole Arbea Inaki (ESP)"]
[Result "1-0"]
[WhiteElo "2401"]
[BlackElo "2197"]

1.d4 f5 2.g3 g6 3.Bg2 Bg7 4.c4 Nf6 5.Nf3 O-O 6.O-O d6 7.Nc3 c6 8.b3 Qa5 9.Bd2
Qc7 10.d5 Na6 11.Nd4 e5 12.dxe6 Qe7 13.Bf4 Nc7 14.Nxc6 bxc6 15.Bxd6 Qxe6
16.Bxc7 Ne8 17.Ba5 Rb8 18.Qd2 Qe5 19.Na4 {#r} 1-0

[Event "It (open)"]
[Site "masterchessopen.com - Banyoles (Spain)"]
[Date "2007.08.16"]
[Round "1"]
[White "Campos Moreno Javier B (CHI)"]
[Black "Beltran Jorge (MEX)"]
[Result "1-0"]
[WhiteElo "2446"]
[BlackElo "2049"]

1.d4 f5 2.g3 Nf6 3.Bg2 g6 4.Nf3 Bg7 5.O-O O-O 6.c4 d6 7.Nc3 c6 8.d5 e5 9.dxe6
Bxe6 10.b3 Na6 11.Bb2 Qe7 12.Ng5 Bd7 13.Qc2 d5 14.cxd5 Nb4 15.Qd2 Nbxd5
16.Nxd5 Nxd5 17.Bxd5+ cxd5 18.Qxd5+ Kh8 19.Bxg7+ Kxg7 20.Qxb7 {#r} 1-0

[Event "It (open)"]
[Site "masterchessopen.com - Mislata (Spain)"]
[Date "2007.08.22"]
[Round "1"]
[White "Pena Riasco Alexander (COL)"]
[Black "Rubio Trigueros Jose Luis (ESP)"]
[Result "1-0"]
[WhiteElo "2267"]
[BlackElo "1872"]

1.d4 f5 2.c4 Nf6 3.Nc3 d6 4.Nf3 g6 5.g3 Bg7 6.Bg2 c6 7.O-O O-O 8.Qc2 Qc7 9.Bf4
Nh5 10.Bg5 e5 11.dxe5 dxe5 12.Rad1 Na6 13.h3 Nc5 14.Qc1 f4 15.g4 Nf6 16.Bxf6
Bxf6 17.b4 Ne6 18.c5 Nd8 19.Ne4 Bg7 20.Nfd2 Be6 21.Nc4 Nf7 22.Rd3 Rad8 23.Rfd1
Rxd3 24.Rxd3 Rd8 25.Qc2 Rd4 26.Rxd4 exd4 27.a4 Qd7 28.b5 Bf8 29.Nf6+ {#r} 1-0

[Event "It (open) (b)"]
[Site "masterchessopen.com - Bratto (Italy)"]
[Date "2007.08.30"]
[Round "7"]
[White "Viglino Antonio (ITA)"]
[Black "Fiorili Roberto (ITA)"]
[Result "1-0"]
[WhiteElo "1888"]
[BlackElo "1922"]

1.Nf3 f5 2.c4 Nf6 3.g3 g6 4.Bg2 Bg7 5.Nc3 O-O 6.O-O d6 7.d4 c6 8.Rb1 Qe8 9.d5
h6 10.b4 Qf7 11.Nd4 e5 12.dxe6 Bxe6 13.Nxe6 Qxe6 14.b5 Qxc4 15.bxc6 bxc6
16.Nb5 Nd5 17.Bb2 Be5 18.Bxd5+ cxd5 19.Ba3 Rd8 20.Qd2 a6 21.Rfc1 Qg4 22.Qxd5+
Kh7 23.Qxa8 axb5 24.Rc7+ Kh8 25.Qb7 Kg8 26.Qd5+ Kh8 27.Qf7 Nd7 28.Rxd7 Rxd7
29.Qxd7 Qxe2 30.Qxb5 Qe4 31.Qe8+ Kg7 32.Qe7+ {#r} 1-0

[Event "It (cat.2)"]
[Site "masterchessopen.com - Mozhaisk (Russia)"]
[Date "2007.09.07"]
[Round "1"]
[White "Nikolaenko Vitaliy (RUS)"]
[Black "Koludarov Anatoliy (RUS)"]
[Result "1-0"]
[WhiteElo "2226"]
[BlackElo "2224"]

1.c4 f5 2.d4 Nf6 3.Nc3 g6 4.g3 Bg7 5.Bg2 O-O 6.Nf3 d6 7.O-O c6 8.Re1 Ne4 9.Qb3
Kh8 10.e3 Na6 11.Nxe4 fxe4 12.Nd2 d5 13.f3 c5 14.cxd5 exf3 15.Nxf3 Qd6 16.Bd2
cxd4 17.exd4 Bg4 18.Ne5 Bf5 19.g4 Bd7 20.Bg5 e6 21.Qxb7 Rab8 22.Qxd7 Bxe5
23.Qxd6 Bxd6 24.dxe6 Nb4 25.e7 Rfe8 26.a3 Nc2 27.Bf6+ {#r} 1-0

[Event "Ch Germany (juniors) (team)"]
[Site "masterchessopen.com - Verden/Aller (Germany)"]
[Date "2007.10.01"]
[Round "4"]
[White "Moshtael Wesal (GER)"]
[Black "Hingst Silke (GER)"]
[Result "1-0"]
[WhiteElo "2113"]
[BlackElo "1723"]

1.Nf3 f5 2.g3 Nf6 3.Bg2 g6 4.O-O Bg7 5.d4 O-O 6.c4 d6 7.Nc3 c6 8.b3 Qc7 9.Ba3
Re8 10.Rc1 e5 11.dxe5 dxe5 12.Bd6 Qa5 13.b4 Qb6 14.Qb3 e4 15.Ng5 c5 16.Bxc5
Qc7 17.Nb5 Qd8 18.Rfd1 Nbd7 19.Bd6 Nd5 20.h4 a6 21.c5 Nf6 22.Rxd5 Re6 {#r} 1-0

[Event "Ch Croatia (team) (2nd league)"]
[Site "masterchessopen.com - Croatia"]
[Date "2007.10.06"]
[Round "7"]
[White "Mrkonjic Nenad (CRO)"]
[Black "Nol Andrija (CRO)"]
[Result "1-0"]
[WhiteElo "2354"]
[BlackElo "2205"]

1.d4 f5 2.Nf3 Nf6 3.g3 g6 4.c4 c6 5.Bg2 d6 6.Nc3 Bg7 7.O-O O-O 8.Qc2 Na6 9.a3
Qe8 10.b4 Nc7 11.a4 e5 12.e3 e4 13.Nd2 a6 14.Ba3 Ne6 15.b5 Qd8 16.bxc6 bxc6
17.Rab1 Qc7 18.a5 Rd8 19.Na4 Qxa5 20.Nb6 Ra7 21.Bxd6 Ne8 22.c5 Nxd6 23.cxd6 f4
24.Nxc8 Rxc8 25.gxf4 Kh8 26.Bh3 Qd5 27.Qxe4 {#r} 1-0

[Event "Ch Paulista"]
[Site "masterchessopen.com - Americana (Brazil)"]
[Date "2007.10.14"]
[Round "5"]
[White "Pereira Andre Marques (BRA)"]
[Black "Brandao Renan"]
[Result "0-1"]
[WhiteElo "1867"]
[BlackElo "1998"]

1.d4 f5 2.Nf3 Nf6 3.g3 g6 4.Bg2 Bg7 5.c4 O-O 6.Nc3 d6 7.O-O c6 8.Qc2 Qe8 9.d5
c5 10.Bf4 h6 11.h4 a6 12.Rfe1 Nh5 13.Bd2 f4 14.gxf4 Nxf4 15.Qc1 Nxg2 16.Kxg2
Qd7 17.Rh1 Qg4+ 18.Kf1 Rxf3 19.exf3 Qxf3 20.Rg1 Bg4 21.Rg3 Qh1+ 22.Rg1 Qh3+
23.Ke1 Nd7 24.Bf4 Rf8 25.Qe3 Rxf4 26.Qxh3 Bxh3 27.Rxg6 Ne5 28.Rg3 Bg4 {#R} 0-1